| 000 | 00000cam 2200000zi 4500 |
| 001 | 9.958114 |
| 003 | CaOODSP |
| 005 | 20251210100934 |
| 006 | m o d f |
| 007 | cr mn||||||||| |
| 008 | 251210e202512##onc ob f000 0 eng d |
| 040 | |aCaOODSP|beng|erda|cCaOODSP |
| 043 | |an-cn--- |
| 086 | 1 |aXC71-1/1-451-2E-PDF |
| 110 | 1 |aCanada. |bParliament. |bHouse of Commons. |bStanding Committee on the Status of Women, |eauthor, |eissuing body. |
| 245 | 10|aGender-based violence and femicides in Canada : |breport of the Standing Committee on the Status of Women / |cMarilyn Gladu, chair. |
| 246 | 13|aGender-based violence and femicides in Canada |
| 264 | 1|a[Ottawa] : |bHouse of Commons, Canada = Chambre des communes, Canada, |cDecember 2025. |
| 300 | |a1 online resource (x, 64 pages). |
| 336 | |atext|btxt|2rdacontent |
| 337 | |acomputer|bc|2rdamedia |
| 338 | |aonline resource|bcr|2rdacarrier |
| 490 | 1 |aReport of the Standing Committee on the Status of Women ; |v2nd report, 45th Parliament, 1st Session |
| 500 | |aIssued also in French under title: Violence fondée sur le genre et féminicides au Canada : rapport du Comité permanent de la condition féminine. |
| 500 | |a"45th Parliament, 1st Session." |
| 500 | |a"Second report"--Page vii. |
| 500 | |a"Content warning: Please note that this report discusses topics that can be disturbing to some readers, including abuse, discrimination, and gender-based violence"--Page [1]. |
| 504 | |aIncludes bibliographical references. |
| 520 | |a"This report examines systemic and risk factors that contribute to gender-based violence and femicides against women, girls and gender-diverse people in Canada and makes recommendations for improving legal, policy and support frameworks for survivors. Throughout its study, the House of Commons Standing Committee on the Status of Women (the committee) heard from survivors, women's and Indigenous women's organizations, advocates, police and correctional services, legal experts and service providers about the need to address gender-based violence and femicides. Key considerations outlined in the report include making femicide a separate offence in the Criminal Code; criminalizing coercive control; reforming the legal system, particularly regarding stays of proceedings due to unreasonable delays; improving access to supports for survivors; supporting prevention, education and awareness efforts; rehabilitating perpetrators; and collecting disaggregated data. In the report, the committee put forward 19 recommendations and made 1 observation to address gender-based violence and femicides and to support survivors"--Provided by publisher. |
| 650 | 0|aGender-based violence|zCanada. |
| 650 | 0|aHomicide|zCanada. |
| 650 | 0|aWomen|xCrimes against|zCanada. |
| 650 | 0|aGender-based violence|xLaw and legislation|zCanada. |
| 650 | 0|aHomicide|xLaw and legislation|zCanada. |
| 650 | 0|aWomen|xCrimes against|xLaw and legislation|zCanada. |
| 650 | 0|aGender-based violence|xGovernment policy|zCanada. |
| 650 | 0|aHomicide|xGovernment policy|zCanada. |
| 650 | 0|aWomen|xCrimes against|xGovernment policy|zCanada. |
| 700 | 1 |aGladu, Marilyn, |d1962- |
| 775 | 08|tViolence fondée sur le genre et féminicides au Canada : |w(CaOODSP)9.958115 |
| 830 | #0|aReport of the Standing Committee on the Status of Women ;|v2nd report, 45th Parliament, 1st Session.|w(CaOODSP)9.506808 |
| 856 | 40|qPDF|s3.15 MB|uhttps://publications.gc.ca/collections/collection_2025/parl/xc71-1/XC71-1-1-451-2-eng.pdf |
| 856 | 4 |qHTML|sN/A|uhttps://www.ourcommons.ca/DocumentViewer/en/45-1/FEWO/report-2/ |